000 00231nam a22000857a 4500
008 160630b xxu||||| |||| 00| 0 eng d
100 _91640
_aGupta, R.G
245 _aPrimary School Composite Mathematics
260 _aNew Delhi
_b Arya
_c2005
999 _c1361
_d1361